[Event "PreTEC 2025"]
[Site "Chambly CAN"]
[Date "2025.04.09"]
[Round "4.2"]
[White "Cournoyer, Raphael"]
[Black "Pincince, Jacques"]
[Result "1-0"]
[WhiteElo "1779"]
[BlackElo "1369"]
[WhiteFideId "-1"]
[WhiteFideId "-1"]
[PlyCount "103"]
[GameId "2191150457083513"]
[EventDate "2025.03.19"]
[EventType "swiss"]
[EventRounds "5"]
[EventCountry "CAN"]

1. d4 d5 2. Nf3 Nf6 3. c4 e6 4. g3 Bb4+ 5. Bd2 Bxd2+ 6. Nbxd2 O-O 7. Bg2 c6 8. O-O Nbd7 9. Rc1 Ne4 10. cxd5 exd5 11. Nxe4 dxe4 12. Nd2 f5 13. e3 Nf6 14. a3 Be6 15. Nb3 Nd7 16. Nc5 Nxc5 17. Rxc5 Bd5 18. Qc1 Rf6 19. Re1 b6 20. Rc3 Rh6 21. Bf1 Qe8 22. Qd1 g5 23. h3 Qd7 24. b4 Rf8 25. a4 f4 26. Qg4 Be6 27. Bc4 Rg6 28. Bxe6+ Qxe6 29. Qxe6+ Rxe6 30. Rec1 fxg3 31. fxg3 Rff6 32. b5 cxb5 33. axb5 Rf5 34. Rc8+ Kg7 35. R1c7+ Rf7 36. Rxf7+ Kxf7 37. Rd8 Re7 38. h4 gxh4 39. gxh4 Ke6 40. Kg2 Rd7 41. Rxd7 Kxd7 42. Kg3 Kd6 43. Kf4 Kd5 44. h5 Kc4 45. Ke5 Kxb5 46. d5 a5 47. d6 Kc6 48. Ke6 a4 49. d7 Kc7 50. Ke7 b5 51. d8=Q+ Kc6 52. Qd6+ 1-0

[Event "PreTEC 2025"]
[Site "Chambly CAN"]
[Date "2025.04.09"]
[Round "4.3"]
[White "Kerhuel-Lefebvre, Stephane"]
[Black "Tse, Chun Wing"]
[Result "1-0"]
[WhiteElo "1671"]
[BlackElo "1668"]
[WhiteFideId "-1"]
[WhiteFideId "-1"]
[PlyCount "89"]
[GameId "2191150457083514"]
[EventDate "2025.03.19"]
[EventType "swiss"]
[EventRounds "5"]
[EventCountry "CAN"]

1. Nc3 Nf6 2. e4 d6 3. Bc4 g6 4. Nf3 Bg7 5. O-O O-O 6. Re1 Nbd7 7. d3 a6 8. a4 b6 9. Bd2 Bb7 10. Qc1 Ng4 11. d4 c5 12. d5 Qe8 13. Ne2 Bc8 14. Ng3 Nde5 15. Be2 Bd7 16. h3 Nxf3+ 17. gxf3 Nf6 18. Kg2 Bxa4 19. h4 h5 20. f4 Bb5 21. c4 Bd7 22. Rg1 e6 23. Bd3 e5 24. fxe5 dxe5 25. b4 Qe7 26. bxc5 bxc5 27. Bg5 Qd6 28. Ra5 Kh7 29. Qa3 Bc8 30. Be3 Nd7 31. Bxc5 Nxc5 32. Qxc5 Qxc5 33. Rxc5 Bf6 34. Rc1 a5 35. Rb5 a4 36. c5 Ba6 37. Rb6 Bxd3 38. Rxf6 Kg7 39. Rb6 Rfb8 40. Rxb8 Rxb8 41. c6 a3 42. Ra1 Kf8 43. Rxa3 Bb1 44. c7 Rc8 45. Rb3 1-0

[Event "PreTEC 2025"]
[Site "Chambly CAN"]
[Date "2025.04.09"]
[Round "4.4"]
[White "Cousineau, Francois"]
[Black "Longpre, Martin"]
[Result "1-0"]
[WhiteElo "1733"]
[BlackElo "1597"]
[WhiteFideId "-1"]
[WhiteFideId "-1"]
[PlyCount "125"]
[GameId "2191150457083515"]
[EventDate "2025.03.19"]
[EventType "swiss"]
[EventRounds "5"]
[EventCountry "CAN"]

1. e4 c6 2. Nc3 d5 3. Nf3 Bg4 4. h3 Bxf3 5. Qxf3 e6 6. Be2 Ne7 7. O-O Nd7 8. d4 dxe4 9. Nxe4 Ng6 10. c3 Be7 11. Qg3 O-O 12. f4 Nf6 13. Ng5 h6 14. Nxe6 fxe6 15. Qxg6 Qe8 16. Qg3 Bd6 17. Qh4 Nd5 18. Bd2 Rf6 19. Bd3 Qf7 20. g3 Ne7 21. Qg4 Nf5 22. Bxf5 exf5 23. Qf3 Re8 24. b3 Rfe6 25. Rae1 Qe7 26. Rxe6 Qxe6 27. Re1 Qd7 28. Rxe8+ Qxe8 29. Qe3 Qf7 30. Kg2 a6 31. c4 g6 32. Bc3 h5 33. d5 cxd5 34. Qd4 Kf8 35. cxd5 Ke7 36. Kf3 Kd7 37. Qg7 Qxg7 38. Bxg7 Bc5 39. Be5 b5 40. g4 Be7 41. gxh5 gxh5 42. Ke3 Bc5+ 43. Kd3 Ke7 44. Kc3 Kd7 45. Bd4 Bd6 46. Be3 Ke7 47. Kd4 Kd7 48. Bd2 Ke7 49. Be3 Kd7 50. Bc1 Kc7 51. a4 Kb6 52. Bd2 Bc7 53. a5+ Kb7 54. Kc5 Bb8 55. d6 Ba7+ 56. Kd5 Kc8 57. Kc6 Bd4 58. Kd5 Kd7 59. Kxd4 Kxd6 60. Bb4+ Ke6 61. h4 Kf6 62. Kd5 Kf7 63. Ke5 1-0

[Event "PreTEC 2025"]
[Site "Chambly CAN"]
[Date "2025.04.09"]
[Round "4.5"]
[White "Bedard, Michel"]
[Black "Milette, Patrick"]
[Result "0-1"]
[WhiteElo "1507"]
[BlackElo "1694"]
[WhiteFideId "-1"]
[WhiteFideId "-1"]
[PlyCount "96"]
[GameId "2191150457087612"]
[EventDate "2025.03.19"]
[EventType "swiss"]
[EventRounds "5"]
[EventCountry "CAN"]

1. d4 Nf6 2. Nc3 g6 3. Bf4 c5 4. e3 cxd4 5. exd4 Bg7 6. Nf3 O-O 7. Qd2 a6 8. Be2 b5 9. a3 Bb7 10. Bh6 Nc6 11. Bxg7 Kxg7 12. O-O-O Rc8 13. Nh4 b4 14. axb4 Nxb4 15. f4 Ne4 16. Qe3 Nxc3 17. bxc3 Na2+ 18. Kd2 Nxc3 19. Ra1 Ne4+ 20. Kd1 Rc3 21. Bd3 f5 22. d5 e5 23. Nf3 exf4 24. Qd4+ Qf6 25. Rf1 Qxd4 26. Nxd4 g5 27. g4 fxg3 28. hxg3 Rxd3+ 29. cxd3 Nxg3 30. Rg1 f4 31. Ra5 h6 32. Nf3 Rf5 33. Nd4 Rxd5 34. Rxd5 Bxd5 35. Ke1 Kf6 36. Kf2 Nf5 37. Ne2 h5 38. Ra1 Bb7 39. Rb1 Bc6 40. Ra1 Bb5 41. Rd1 Ne3 42. Rd2 Ke5 43. d4+ Kf5 44. Nc3 Bc4 45. Na4 d5 46. Nc3 g4 47. Rb2 Bb5 48. Nxb5 Nd1+ 0-1

[Event "PreTEC 2025"]
[Site "Chambly CAN"]
[Date "2025.04.09"]
[Round "4.6"]
[White "Boyer, Pascal"]
[Black "Taylor, Paul"]
[Result "1-0"]
[WhiteElo "1552"]
[BlackElo "1388"]
[WhiteFideId "-1"]
[WhiteFideId "-1"]
[PlyCount "35"]
[GameId "2191150457087613"]
[EventDate "2025.03.19"]
[EventType "swiss"]
[EventRounds "5"]
[EventCountry "CAN"]

1. e4 Nc6 2. Nf3 d6 3. d4 Bg4 4. Bb5 a6 5. Ba4 b5 6. Bb3 Na5 7. Bxf7+ Kxf7 8. Ng5+ Ke8 9. Qxg4 Nf6 10. Qf3 h6 11. Ne6 Qc8 12. d5 Nc4 13. Nd2 Ne5 14. Qc3 c5 15. O-O Qb7 16. f4 Nxd5 17. exd5 Qxd5 18. Nc7+ 1-0

[Event "PreTEC 2025"]
[Site "Chambly CAN"]
[Date "2025.04.16"]
[Round "5.1"]
[White "Weston, Paul"]
[Black "Cournoyer, Raphael"]
[Result "1/2-1/2"]
[WhiteElo "1867"]
[BlackElo "1779"]
[WhiteFideId "-1"]
[WhiteFideId "-1"]
[PlyCount "92"]
[GameId "2191150457091719"]
[EventDate "2025.03.19"]
[EventType "swiss"]
[EventRounds "5"]
[EventCountry "CAN"]

1. Nf3 Nf6 2. g3 d5 3. d4 g6 4. Bg2 Bg7 5. c4 c6 6. O-O O-O 7. Nc3 a5 8. cxd5 cxd5 9. Ne5 Nc6 10. Bg5 Be6 11. Nxc6 bxc6 12. Bxf6 Bxf6 13. Na4 Rb8 14. e3 Bc8 15. Qd2 Rb4 16. Nc5 Qb6 17. Nd3 Rb5 18. Rfb1 Bf5 19. Bf1 Qb8 20. a4 Rb3 21. Nc5 Rb4 22. Na6 Qb6 23. Nxb4 Bxb1 24. Nxd5 cxd5 25. Rxb1 Rc8 26. Rc1 Rxc1 27. Qxc1 e6 28. Bb5 Be7 29. Qc6 Qxc6 30. Bxc6 Bb4 31. Kf1 Kf8 32. Ke2 Ke7 33. f3 f5 34. h3 Kd6 35. Bb5 e5 36. dxe5+ Kxe5 37. g4 f4 38. exf4+ Kxf4 39. h4 Be7 40. h5 Bf6 41. hxg6 hxg6 42. b3 Bc3 43. Bc6 d4 44. Kd3 g5 45. b4 Bxb4 46. Kxd4 Be1 1/2-1/2

[Event "PreTEC 2025"]
[Site "Chambly CAN"]
[Date "2025.04.16"]
[Round "5.2"]
[White "Kerhuel-Lefebvre, Stephane"]
[Black "Cousineau, Francois"]
[Result "0-1"]
[WhiteElo "1671"]
[BlackElo "1733"]
[WhiteFideId "-1"]
[WhiteFideId "-1"]
[PlyCount "50"]
[GameId "2191150457091720"]
[EventDate "2025.03.19"]
[EventType "swiss"]
[EventRounds "5"]
[EventCountry "CAN"]

1. Nc3 c5 2. e4 Nc6 3. g3 g6 4. Bg2 Bg7 5. Nge2 d6 6. O-O e6 7. d3 Nge7 8. f4 O-O 9. Be3 Nd4 10. Bxd4 cxd4 11. Nb1 Bd7 12. Nd2 Rc8 13. a4 Qc7 14. Nc4 d5 15. Ne5 Bxe5 16. fxe5 Qxc2 17. exd5 exd5 18. Nf4 Qxd1 19. Rfxd1 Be6 20. Rac1 Rfd8 21. Nxe6 fxe6 22. g4 Rxc1 23. Rxc1 Rc8 24. Rf1 Rf8 25. b4 Rxf1+ 0-1

[Event "PreTEC 2025"]
[Site "Chambly CAN"]
[Date "2025.04.16"]
[Round "5.3"]
[White "Kelly, Patrick"]
[Black "Boyer, Pascal"]
[Result "1-0"]
[WhiteElo "1534"]
[BlackElo "1552"]
[WhiteFideId "-1"]
[WhiteFideId "-1"]
[PlyCount "59"]
[GameId "2191150457091721"]
[EventDate "2025.03.19"]
[EventType "swiss"]
[EventRounds "5"]
[EventCountry "CAN"]

1. e4 e5 2. Bc4 Nf6 3. Nc3 Be7 4. d3 Nc6 5. f4 exf4 6. Bxf4 d6 7. Nf3 Bg4 8. Be3 Ne5 9. Bb3 Qd7 10. Qe2 c6 11. h3 Be6 12. Ng5 Bxb3 13. axb3 h6 14. Nf3 O-O 15. O-O a5 16. Bb6 Bd8 17. Na4 Ra6 18. Bxd8 Qxd8 19. Nxe5 dxe5 20. Kh1 Qd6 21. Qe3 b5 22. Nc3 Nh5 23. Ne2 Qe6 24. Qf3 g6 25. Qe3 Kh7 26. Rf3 f5 27. exf5 gxf5 28. Raf1 c5 29. g4 f4 30. Qe4+ 1-0

[Event "PreTEC 2025"]
[Site "Chambly CAN"]
[Date "2025.04.16"]
[Round "5.4"]
[White "Tse, Chun Wing"]
[Black "Longpre, Martin"]
[Result "1-0"]
[WhiteElo "1668"]
[BlackElo "1597"]
[WhiteFideId "-1"]
[WhiteFideId "-1"]
[PlyCount "67"]
[GameId "2191150457091722"]
[EventDate "2025.03.19"]
[EventType "swiss"]
[EventRounds "5"]
[EventCountry "CAN"]

1. d4 d5 2. c4 c6 3. Nf3 Nf6 4. Qb3 Qb6 5. Nc3 Qxb3 6. axb3 Bf5 7. c5 Nbd7 8. Bf4 e6 9. b4 a6 10. h3 Be7 11. e3 O-O 12. Nd2 Rfe8 13. Nb3 Bf8 14. Na5 Ra7 15. Bc7 Bc2 16. Kd2 Bg6 17. Ra4 Rc8 18. Bh2 Be7 19. Nxb7 Ne4+ 20. Nxe4 Bxe4 21. f3 Rxb7 22. fxe4 Ra7 23. exd5 exd5 24. Bxa6 Rca8 25. Rha1 Nb8 26. Bb5 Rxa4 27. Rxa4 Rxa4 28. Bxa4 Na6 29. Kc3 Bg5 30. Bxc6 Bxe3 31. b5 Nxc5 32. dxc5 Bxc5 33. Bc7 Kf8 34. b6 1-0

[Event "PreTEC 2025"]
[Site "Chambly CAN"]
[Date "2025.04.16"]
[Round "5.5"]
[White "Pincince, Jacques"]
[Black "Bedard, Michel"]
[Result "0-1"]
[WhiteElo "1369"]
[BlackElo "1507"]
[WhiteFideId "-1"]
[WhiteFideId "-1"]
[PlyCount "103"]
[GameId "2191150457091723"]
[EventDate "2025.03.19"]
[EventType "swiss"]
[EventRounds "5"]
[EventCountry "CAN"]

1. e4 e5 2. Nc3 Nf6 3. d3 Nc6 4. Nf3 Be7 5. h3 d5 6. exd5 Nxd5 7. Bd2 Nxc3 8. Bxc3 f6 9. Be2 Nd4 10. Nxd4 exd4 11. Bd2 O-O 12. O-O Qe8 13. Bh5 g6 14. Bf3 c6 15. Re1 Qd8 16. Bh6 Rf7 17. Bf4 Bc5 18. a3 Re7 19. Qd2 Rxe1+ 20. Rxe1 Bd7 21. b4 Bf8 22. Bh6 Bg7 23. Bxg7 Kxg7 24. Qf4 Be8 25. Re4 g5 26. Qg4 Bd7 27. Rxd4 Bxg4 28. Rxd8 Rxd8 29. Bxg4 Kg6 30. Kf1 f5 31. Be2 a5 32. Ke1 Kf6 33. Kd2 axb4 34. axb4 Ke5 35. g3 Ra8 36. Kc3 Ra1 37. g4 f4 38. f3 Rh1 39. d4+ Kd6 40. Bd3 h6 41. b5 Rxh3 42. Be4 Rh1 43. bxc6 bxc6 44. Kc4 Ra1 45. Kd3 Ra3+ 46. Kc4 Ra8 47. Bg6 Ra4+ 48. Kd3 Ra3+ 49. c3 Ra1 50. Kc4 Re1 51. Be4 Rh1 52. Bg6 0-1

[Event "PreTEC 2025"]
[Site "Chambly CAN"]
[Date "2025.04.16"]
[Round "5.6"]
[White "Taylor, Paul"]
[Black "St-Laurent, Luc"]
[Result "1-0"]
[WhiteElo "1388"]
[BlackElo "1363"]
[WhiteFideId "-1"]
[WhiteFideId "-1"]
[PlyCount "93"]
[GameId "2191150457091724"]
[EventDate "2025.03.19"]
[EventType "swiss"]
[EventRounds "5"]
[EventCountry "CAN"]

1. e4 c5 2. Bc4 e6 3. Nc3 Nc6 4. Nf3 g6 5. d3 Bg7 6. Be3 d6 7. Qd2 Nge7 8. Bh6 Bf6 9. a3 a6 10. h4 Nd4 11. Nxd4 cxd4 12. Ne2 e5 13. f3 Ng8 14. Bg5 h6 15. Bxf6 Nxf6 16. Qb4 b5 17. Ba2 d5 18. Qc5 Bb7 19. exd5 Bxd5 20. Bxd5 Qxd5 21. Qb4 Nd7 22. Ng3 Qc5 23. Qd2 f5 24. h5 Qd6 25. O-O-O e4 26. Nxe4 fxe4 27. dxe4 g5 28. Qxd4 Qxd4 29. Rxd4 Ne5 30. b3 Ke7 31. Rd5 Nf7 32. Re1 Rad8 33. Kb2 Rxd5 34. exd5+ Kd7 35. c4 bxc4 36. bxc4 Re8 37. Rxe8 Kxe8 38. c5 Kd7 39. Kc3 Kc7 40. g3 Ne5 41. f4 gxf4 42. gxf4 Nd7 43. Kd4 Nf6 44. Ke5 Nxh5 45. f5 Ng7 46. f6 Ne8 47. f7 1-0

[Event "PreTEC 2025 (hors-concours)"]
[Site "Chambly CAN"]
[Date "2025.04.02"]
[Round "3"]
[White "Despres, Alain"]
[Black "Duran Diaz, Cesar Andres"]
[Result "1-0"]
[WhiteElo "1465"]
[BlackElo "840"]
[WhiteFideId "-1"]
[WhiteFideId "-1"]
[PlyCount "123"]
[GameId "2191150457038440"]
[EventDate "2025.03.19"]
[EventType "swiss"]
[EventRounds "5"]
[EventCountry "CAN"]

1. d4 d5 2. Nf3 Nc6 3. e3 Bg4 4. Nbd2 Nf6 5. a3 e6 6. Bd3 Be7 7. O-O O-O 8. c4 Bd6 9. c5 Be7 10. Qc2 a6 11. b4 b5 12. cxb6 cxb6 13. Qxc6 Rc8 14. Qa4 a5 15. bxa5 bxa5 16. h3 Bxf3 17. Nxf3 Ne4 18. Bxe4 dxe4 19. Ne5 Qd5 20. Qd7 Qxd7 21. Nxd7 Rfd8 22. Nb6 Rc6 23. Na4 Rb8 24. Bd2 Rc4 25. Nc3 Rb6 26. Nxe4 f5 27. Nc5 Bxc5 28. dxc5 Rxc5 29. Rfc1 Rxc1+ 30. Bxc1 g5 31. a4 Rd6 32. Kf1 Kg7 33. Ke2 Rd5 34. Rb1 Rc5 35. Bd2 Rc4 36. Rb5 Rxa4 37. Rxa5 Rh4 38. Bc3+ Kg6 39. Ra6 Re4 40. f3 Rc4 41. Kd3 Rh4 42. Rxe6+ Kf7 43. Rf6+ Ke7 44. Rxf5 Rh6 45. Rxg5 Rd6+ 46. Bd4 h6 47. Re5+ Kd7 48. g4 Kc7 49. f4 Kd7 50. Ke4 Kc7 51. Re7+ Kc6 52. Ke5 Rd5+ 53. Ke6 Rd6+ 54. Kf7 Kd5 55. Rc7 Ke4 56. f5 Kd5 57. f6 Ke4 58. Ke7 Ra6 59. f7 Kd5 60. f8=Q Re6+ 61. Kd8 Re8+ 62. Qxe8 1-0

[Event "PreTEC 2025 <1400"]
[Site "Chambly CAN"]
[Date "2025.03.19"]
[Round "1.9"]
[White "Coutu, Olivier"]
[Black "Morasse, Daniel"]
[Result "0-1"]
[WhiteElo "1189"]
[BlackElo "1366"]
[WhiteFideId "-1"]
[WhiteFideId "-1"]
[PlyCount "74"]
[GameId "2191150457013835"]
[EventDate "2025.03.19"]
[EventType "swiss"]
[EventRounds "5"]
[EventCountry "CAN"]

1. e4 e5 2. Nf3 d6 3. d4 exd4 4. Nxd4 Nf6 5. Nc3 Be7 6. Bd3 Bg4 7. f3 Bd7 8. Be3 a6 9. f4 c5 10. Nf3 Nc6 11. h3 Qc8 12. g4 Nb4 13. a3 Nxd3+ 14. Qxd3 c4 15. Qd2 Bc6 16. e5 Bxf3 17. exf6 Bxf6 18. Qxd6 Bxh1 19. O-O-O Be7 20. Qe5 Bc6 21. f5 f6 22. Qd4 O-O 23. Qxc4+ Kh8 24. Bb6 Bb5 25. Qe4 Bxa3 26. Nxb5 axb5 27. bxa3 Rxa3 28. Qb4 Ra1+ 29. Kd2 Rxd1+ 30. Kxd1 Qd7+ 31. Kc1 Re8 32. Kb2 Qc6 33. Bd4 Rc8 34. Bc3 Ra8 35. g5 Qh1 36. gxf6 Qa1+ 37. Kb3 Qa2# 0-1

[Event "PreTEC 2025 <1400"]
[Site "Chambly CAN"]
[Date "2025.03.19"]
[Round "1.10"]
[White "Alameddine, Karim"]
[Black "Tarte, Ariste"]
[Result "0-1"]
[WhiteElo "1304"]
[BlackElo "1182"]
[WhiteFideId "-1"]
[WhiteFideId "-1"]
[PlyCount "124"]
[GameId "2191150457013836"]
[EventDate "2025.03.19"]
[EventType "swiss"]
[EventRounds "5"]
[EventCountry "CAN"]

1. e4 e5 2. d3 c6 3. Nf3 d5 4. Qe2 Bg4 5. g3 Nd7 6. Bg2 Bc5 7. a3 Ngf6 8. c3 O-O 9. Qc2 Re8 10. Nbd2 Qe7 11. O-O Rac8 12. a4 a5 13. Nh4 Ba7 14. h3 Be2 15. Re1 Bh5 16. Nf5 Qc5 17. Nf3 Qxf2+ 18. Qxf2 Bxf2+ 19. Kxf2 Nc5 20. Rd1 Red8 21. Ke3 dxe4 22. g4 exf3 23. Bxf3 Bg6 24. b4 axb4 25. cxb4 Nb3 26. Rb1 Nxc1 27. Rbxc1 Bxf5 28. gxf5 Nd5+ 29. Bxd5 Rxd5 30. Kf3 f6 31. Ke3 Rd4 32. Rc4 Rcd8 33. Rxd4 Rxd4 34. Rb1 Rh4 35. Kd2 Rxh3 36. Rc1 Rh2+ 37. Kc3 Rf2 38. Kc4 Rxf5 39. a5 h5 40. Kc5 e4+ 41. Kb6 Rb5+ 42. Kc7 exd3 43. Rc4 d2 44. Rd4 Rd5 45. Rxd2 Rxd2 46. Kxb7 Rd8 47. Kxc6 h4 48. Kc7 Rf8 49. b5 h3 50. b6 Rf7+ 51. Kb8 h2 52. b7 h1=Q 53. a6 Rf8+ 54. Kc7 Qc1+ 55. Kb6 Qb2+ 56. Kc6 Qc3+ 57. Kb6 Qb4+ 58. Kc6 Qa5 59. Kd7 Qxa6 60. Kc7 Rf7+ 61. Kd8 Qxb7 62. Ke8 Qc8# 0-1

[Event "PreTEC 2025 <1400"]
[Site "Chambly CAN"]
[Date "2025.03.19"]
[Round "1.11"]
[White "Lauzon, Francois"]
[Black "Doyon, Martin"]
[Result "0-1"]
[WhiteElo "1177"]
[BlackElo "1302"]
[WhiteFideId "-1"]
[WhiteFideId "-1"]
[PlyCount "48"]
[GameId "2191150457017933"]
[EventDate "2025.03.19"]
[EventType "swiss"]
[EventRounds "5"]
[EventCountry "CAN"]

1. d4 Nf6 2. c4 g6 3. Nc3 Bg7 4. e4 d6 5. Nf3 O-O 6. Bd3 Bg4 7. h3 Bxf3 8. Qxf3 c6 9. O-O Nbd7 10. Re1 e5 11. Ne2 Re8 12. b4 exd4 13. Nxd4 Nh5 14. Bb2 c5 15. bxc5 dxc5 16. Nc6 bxc6 17. Bxg7 Kxg7 18. g4 Ne5 19. Qd1 Nxd3 20. gxh5 Nxe1 21. Qxe1 Qg5+ 22. Kh2 Qxh5 23. Qc3+ Qe5+ 24. Qxe5+ Rxe5 0-1

[Event "PreTEC 2025 <1400"]
[Site "Chambly CAN"]
[Date "2025.03.19"]
[Round "1.12"]
[White "De Guise, Ronald"]
[Black "Laplante, Germain"]
[Result "0-1"]
[WhiteElo "1297"]
[BlackElo "1162"]
[WhiteFideId "-1"]
[WhiteFideId "-1"]
[PlyCount "134"]
[GameId "2191150457022030"]
[EventDate "2025.03.19"]
[EventType "swiss"]
[EventRounds "5"]
[EventCountry "CAN"]

1. e4 c6 2. Nc3 d5 3. exd5 cxd5 4. Qh5 Nf6 5. Qg5 h6 6. Qh4 Bf5 7. Qa4+ Qd7 8. Bb5 Nc6 9. Nf3 a6 10. Ne5 Qe6 11. O-O Qxe5 12. Bxc6+ Bd7 13. Bxd7+ Nxd7 14. d4 Qf5 15. Nb5 O-O-O 16. Nc3 e6 17. Ne2 Nb6 18. Bf4 Nxa4 19. b3 Nb6 20. a4 Bd6 21. Bxd6 Rxd6 22. Ng3 Qg6 23. f4 Rc6 24. f5 exf5 25. Nxf5 Qe6 26. Rae1 Qxe1 27. Rxe1 Rxc2 28. Re3 g6 29. Nd6+ Kd7 30. Nxf7 Rf8 31. Ne5+ Kc7 32. h3 Rff2 33. Rg3 g5 34. Ng4 Rfd2 35. Nxh6 Rxd4 36. Rxg5 Rb2 37. Rg3 Rd1+ 38. Kh2 Rbb1 39. Rg7+ Nd7 40. Ng4 Kd6 41. Rg6+ Kc5 42. Rg7 Rh1+ 43. Kg3 Rxb3+ 44. Kh4 Nb6 45. Rxb7 Rb4 46. a5 Na4 47. Rxb4 Kxb4 48. Nf2 Ra1 49. g4 Kxa5 50. g5 d4 51. g6 Rg1 52. Ng4 Re1 53. g7 Re8 54. Nf6 d3 55. Nxe8 d2 56. g8=Q d1=Q 57. Qg5+ Kb4 58. Qg4+ Qxg4+ 59. Kxg4 Nc5 60. h4 Nd7 61. h5 a5 62. h6 Nf8 63. Kg5 a4 64. Kf6 a3 65. Kg7 a2 66. Kxf8 a1=Q 67. Ng7 Qf6+ 0-1

[Event "PreTEC 2025 <1400"]
[Site "Chambly CAN"]
[Date "2025.03.19"]
[Round "1.13"]
[White "Raymond, Pierre"]
[Black "Barhoumi, Amine"]
[Result "0-1"]
[WhiteElo "1137"]
[BlackElo "1295"]
[WhiteFideId "-1"]
[WhiteFideId "-1"]
[PlyCount "112"]
[GameId "2191150457022031"]
[EventDate "2025.03.19"]
[EventType "swiss"]
[EventRounds "5"]
[EventCountry "CAN"]

1. e4 c6 2. d4 d5 3. Nc3 dxe4 4. Nxe4 Nf6 5. Nxf6+ exf6 6. Nf3 Bd6 7. a3 O-O 8. Bd3 Re8+ 9. Be3 Bg4 10. h3 Bh5 11. g4 Bg6 12. Bxg6 fxg6 13. Qd2 Qc7 14. Rg1 c5 15. O-O-O c4 16. c3 Nc6 17. Nh4 Na5 18. Qe2 Nb3+ 19. Kc2 b5 20. Qf3 a5 21. Qd5+ Kh8 22. f4 Bxf4 23. Bxf4 Qxf4 24. Rge1 Qf2+ 25. Kb1 Qxh4 26. Qc6 Rg8 27. Qxb5 Rgc8 28. Re7 Qg5 29. Qxg5 fxg5 30. Ka2 Re8 31. Rde1 Rxe7 32. Rxe7 Rc8 33. Kb1 h5 34. Kc2 Kg8 35. d5 Kf8 36. Re5 Kf7 37. Kd1 Kf6 38. Re4 Rc5 39. Re6+ Kf7 40. Ke2 Rxd5 41. Rc6 Re5+ 42. Kf3 Nd2+ 43. Kf2 Re4 44. Rc5 Nb3 45. Rxg5 Kf6 46. Rb5 hxg4 47. hxg4 Rxg4 48. Kf3 Rg5 49. Rb6+ Kf7 50. Rc6 Rc5 51. Rd6 g5 52. Kg4 Kg8 53. Kh5 Rf5 54. Rg6 Kh7 55. Ra6 g6+ 56. Rxg6 g4+ 0-1

[Event "PreTEC 2025 <1400"]
[Site "Chambly CAN"]
[Date "2025.03.19"]
[Round "1.14"]
[White "Hebert, Sebastien"]
[Black "Monette, Andre"]
[Result "0-1"]
[WhiteElo "1278"]
[BlackElo "1086"]
[WhiteFideId "-1"]
[WhiteFideId "-1"]
[PlyCount "98"]
[GameId "2191150457022032"]
[EventDate "2025.03.19"]
[EventType "swiss"]
[EventRounds "5"]
[EventCountry "CAN"]

1. e4 e5 2. Bc4 Nf6 3. d3 Bb4+ 4. c3 Bc5 5. Nf3 h6 6. Nxe5 d5 7. exd5 Nxd5 8. O-O Be6 9. d4 Bd6 10. Re1 a6 11. Qb3 Nb6 12. Bxe6 fxe6 13. Qxe6+ Qe7 14. Qg6+ Kf8 15. Qe4 Bxe5 16. Qxe5 Qxe5 17. Rxe5 N8d7 18. Rf5+ Nf6 19. b3 Re8 20. Ba3+ Kf7 21. Nd2 Re2 22. Nf3 Nbd7 23. Kf1 Rhe8 24. Ne5+ Nxe5 25. dxe5 R8xe5 26. Rxe5 Rxe5 27. Re1 Rxe1+ 28. Kxe1 b5 29. f3 Nd5 30. Kd2 Ke6 31. g3 g5 32. Bf8 h5 33. Kd3 Kf5 34. Bc5 h4 35. c4 bxc4+ 36. Kxc4 Nf6 37. a4 c6 38. Bf2 h3 39. Kc5 g4 40. fxg4+ Nxg4 41. Bg1 Ke4 42. Kxc6 Kf3 43. Kb6 Kg2 44. Kxa6 Kxg1 45. Kb6 Kxh2 46. a5 Kg1 47. a6 h2 48. a7 h1=Q 49. Kc7 Qa8 0-1

[Event "PreTEC 2025 <1400"]
[Site "Chambly CAN"]
[Date "2025.03.19"]
[Round "1.15"]
[White "Capotorto, Michele"]
[Black "Tse, Edwin"]
[Result "0-1"]
[WhiteElo "940"]
[BlackElo "1275"]
[WhiteFideId "-1"]
[WhiteFideId "-1"]
[PlyCount "92"]
[GameId "2191150457022033"]
[EventDate "2025.03.19"]
[EventType "swiss"]
[EventRounds "5"]
[EventCountry "CAN"]

1. e4 c6 2. Nc3 d5 3. d4 dxe4 4. Nxe4 Nf6 5. Bd3 Qxd4 6. Nf3 Qb6 7. O-O Bg4 8. Be3 Qc7 9. Qd2 Bxf3 10. gxf3 Nbd7 11. Kh1 e6 12. b3 Be7 13. Qc3 c5 14. Rg1 Nxe4 15. Bxe4 Bf6 16. Qd3 Bxa1 17. Rxa1 O-O-O 18. a4 h5 19. Rb1 f5 20. Bxf5 exf5 21. Qxf5 Rdf8 22. Qh3 Qc6 23. Rd1 Rxf3 24. Qxd7+ Qxd7 25. Rxd7 Kxd7 26. Kg2 Kd8 {Edwin a touchE son roi croyant que c'Etait une dame. Il a donc dû jouer son roi, perdant la tour en f3.} 27. Kxf3 Kc7 28. Bxc5 Kc6 29. Bxa7 b6 30. b4 g5 31. b5+ Kc5 32. a5 Kxb5 33. axb6 Ka6 34. c4 Rc8 35. b7 Kxb7 36. Be3 Rxc4 37. Bxg5 Kc6 38. Ke3 Kd5 39. f4 Ke6 40. Kd3 Ra4 41. Bh6 Kf5 42. Ke3 Ra2 43. Kf3 Rxh2 44. Kg3 Re2 45. Kh4 Rg2 46. Kxh5 Rh2# 0-1

[Event "PreTEC 2025 <1400"]
[Site "Chambly CAN"]
[Date "2025.03.19"]
[Round "1.16"]
[White "Bonin, Francis"]
[Black "Boulerice, Nicolas"]
[Result "1-0"]
[WhiteElo "1274"]
[BlackElo "937"]
[WhiteFideId "-1"]
[WhiteFideId "-1"]
[PlyCount "103"]
[GameId "2191150457022034"]
[EventDate "2025.03.19"]
[EventType "swiss"]
[EventRounds "5"]
[EventCountry "CAN"]

1. e4 e5 2. Nc3 Nf6 3. Bc4 Bc5 4. d3 d6 5. h3 O-O 6. Bg5 Bb4 7. Nge2 Nc6 8. a3 Bxc3+ 9. Nxc3 Nd4 10. Nd5 Be6 11. Nxf6+ gxf6 12. Bh6 Re8 13. Bxe6 Nxe6 14. Qg4+ Kh8 15. O-O-O Rg8 16. Qh5 Ng7 17. Qxf7 Qe8 18. Qxf6 Qf8 19. Qh4 Qd8 20. Qxd8 Raxd8 21. g4 Ne6 22. c3 Rg6 23. Be3 Rf6 24. d4 exd4 25. Rxd4 Nxd4 26. Bxd4 Rdf8 27. Rf1 Kg8 28. Bxf6 Rxf6 29. f4 h6 30. f5 c6 31. Rd1 Kf7 32. c4 Ke7 33. c5 dxc5 34. e5 Rf8 35. e6 Kf6 36. Rd7 h5 37. Rxb7 hxg4 38. hxg4 Rh8 39. Rf7+ Kg5 40. e7 Kxg4 41. Rf8 Rh1+ 42. Kc2 Rh2+ 43. Kc3 Rh3+ 44. Kc4 Rh4 45. e8=Q Kg5+ 46. Kxc5 a5 47. Qe3+ Kh5 48. Rg8 Rf4 49. Qh3+ Rh4 50. Qf3+ Kh6 51. Qxc6+ Kh5 52. Qg6# 1-0

[Event "PreTEC 2025 <1400"]
[Site "Chambly CAN"]
[Date "2025.03.26"]
[Round "2.10"]
[White "Morasse, Daniel"]
[Black "Isabel, Patrick"]
[Result "1-0"]
[WhiteElo "1366"]
[BlackElo "1245"]
[WhiteFideId "-1"]
[WhiteFideId "-1"]
[PlyCount "45"]
[GameId "2191150457038430"]
[EventDate "2025.03.19"]
[EventType "swiss"]
[EventRounds "5"]
[EventCountry "CAN"]

1. e4 b6 2. d4 Bb7 3. Nc3 e6 4. Nf3 Bb4 5. Bd3 Nf6 6. e5 Ne4 7. Bd2 Nxd2 8. Qxd2 Bxf3 9. gxf3 d5 10. a3 Be7 11. Rg1 g6 12. f4 a6 13. Qe2 c5 14. dxc5 bxc5 15. Qf3 c4 16. Be2 Nd7 17. Rd1 Rb8 18. Rb1 d4 19. Ne4 Bxa3 20. Qxa3 d3 21. cxd3 cxd3 22. Bxd3 a5 23. Nd6+ 1-0

[Event "PreTEC 2025 <1400"]
[Site "Chambly CAN"]
[Date "2025.03.26"]
[Round "2.11"]
[White "Doyon, Martin"]
[Black "Vallee, Genevieve"]
[Result "1-0"]
[WhiteElo "1302"]
[BlackElo "1228"]
[WhiteFideId "-1"]
[WhiteFideId "-1"]
[PlyCount "31"]
[GameId "2191150457038431"]
[EventDate "2025.03.19"]
[EventType "swiss"]
[EventRounds "5"]
[EventCountry "CAN"]

1. e4 e5 2. Nf3 Nf6 3. Nxe5 Nc6 4. Nf3 Bc5 5. d4 Bb6 6. e5 Nd5 7. Bc4 Nde7 8. O-O O-O 9. Bg5 Qe8 10. c3 a6 11. Nbd2 Ba7 12. Ne4 Kh8 13. Qd2 Ng6 14. Nf6 gxf6 15. Bxf6+ Kg8 16. Qh6 1-0